5HLuxD.jpg

KING HENRY VIII SENIOR AND PRIMARY SCHOOL LIBRARY OPAC

Tempat Berlindung yang Selesa / (Record no. 3315)

000 -LEADER
fixed length control field 00637nam a22002177a 4500
003 - CONTROL NUMBER IDENTIFIER
control field OSt
005 - DATE AND TIME OF LATEST TRANSACTION
control field 20231114103948.0
008 - FIXED-LENGTH DATA ELEMENTS--GENERAL INFORMATION
fixed length control field 231114b ||||| |||| 00| 0 eng d
020 ## - INTERNATIONAL STANDARD BOOK NUMBER
International Standard Book Number 9789673770748
040 ## - CATALOGING SOURCE
Transcribing agency KH8
082 ## - DEWEY DECIMAL CLASSIFICATION NUMBER
Classification number 400 SUF
100 ## - MAIN ENTRY--PERSONAL NAME
Personal name Sufi Zulkifli,
Relator term author.
245 ## - TITLE STATEMENT
Title Tempat Berlindung yang Selesa /
Statement of responsibility, etc. Sufi Zulkifli.
260 ## - PUBLICATION, DISTRIBUTION, ETC.
Place of publication, distribution, etc. Johor ;
Name of publisher, distributor, etc. Pustaka Ewan ,
Date of publication, distribution, etc. 2014.
300 ## - PHYSICAL DESCRIPTION
Extent 24 pages :
Other physical details color illustrations ;
Dimensions 19 cm x 26 cm.
440 ## - SERIES STATEMENT/ADDED ENTRY--TITLE
Title Mari Pelajari Tentang Kehidupan
650 ## - SUBJECT ADDED ENTRY--TOPICAL TERM
Topical term or geographic name entry element Animal
Form subdivision Fiction
650 ## - SUBJECT ADDED ENTRY--TOPICAL TERM
Topical term or geographic name entry element Children's stories
Form subdivision Malay
856 ## - ELECTRONIC LOCATION AND ACCESS
Uniform Resource Identifier <a href="Mari Pelajari Tentang Kehidupan">Mari Pelajari Tentang Kehidupan</a>
942 ## - ADDED ENTRY ELEMENTS (KOHA)
Source of classification or shelving scheme
Koha item type Teaching Resources
Holdings
Withdrawn status Lost status Source of classification or shelving scheme Damaged status Not for loan Collection code Permanent Location Current Location Shelving location Date acquired Full call number Barcode Date last seen Price effective from Koha item type
          Teaching Resources KH8 Senior School Library KH8 Senior School Library Staff Office 2023-11-14 400 SUF TRKHSL005056 2023-11-14 2023-11-14 Teaching Resources

Powered By KH8 IT Dept